[Event "Commonwealth & RSA op"]
[Site "Port Elizabeth"]
[Date "2013.07.09"]
[Round "5"]
[White "Solomons, Anzel"]
[Black "Darr, Sascha"]
[Result "0-1"]
[WhiteElo "1908"]
[BlackElo "2119"]
[PlyCount "110"]
[EventDate "2013.07.06"]
[EventType "swiss"]
[EventRounds "11"]
[EventCountry "RSA"]
[SourceTitle "CBM 155 Extra"]
[Source "ChessBase"]
[SourceDate "2013.08.26"]
[SourceVersion "1"]
[SourceVersionDate "2013.08.26"]
[SourceQuality "1"]

1. Nf3 f5 2. c4 Nf6 3. g3 g6 4. b3 Bg7 5. Bb2 d6 6. d3 e5 7. Nbd2 0-0 8. Bg2 c6 9. Qc2 Na6 10. a3 Qe7 11. e4 f4 12. 0-0 fxg3 13. hxg3 Nh5 14. b4 Bg4 15. d4 exd4 16. Bxd4 Bxd4 17. Nxd4 Rf7 18. Qd3 Raf8 19. f4 Qf6 20. Nc2 Nc7 21. Rae1 Qb2 22. Rb1 Qg7 23. Nb3 d5 24. Na5 dxe4 25. Bxe4 Rd7 26. Qb3 Ne6 27. c5 Kh8 28. Rbe1 Nd4 29. Nxd4 Qxd4+ 30. Kg2 Re8 31. Qe3 Qxe3 32. Rxe3 Rde7 33. Rfe1 Nf6 34. Nxb7 Rxe4 35. Rxe4 Rxe4 36. Rxe4 Nxe4 37. Nd6 Bd7 38. Nf7+ Kg7 39. Ne5 Be8 40. Kf3 Nc3 41. Ke3 Nb5 42. Nc4 Kf6 43. Kd3 Ke6 44. a4 Nc7 45. Kd4 Bd7 46. Ne5 Be8 47. Nc4 a6 48. Nd6 Bd7 49. Ne4 Kf5 50. Nf2 Be6 51. Ne4 Bb3 52. Nd6+ Kg4 53. a5 Kxg3 54. Ke5 Bc2 55. Nc4 Nd5 0-1

[Event "Oberliga Ost-B 1213"]
[Site "Germany"]
[Date "2013.04.13"]
[Round "10.2"]
[White "Hillmann, Michael"]
[Black "Darr, Sascha"]
[Result "1/2-1/2"]
[WhiteElo "2200"]
[BlackElo "2236"]
[PlyCount "81"]
[EventDate "2012.09.30"]
[EventType "team-tourn"]
[EventRounds "11"]
[EventCountry "GER"]
[SourceTitle "EXT 2014"]
[Source "ChessBase"]
[SourceDate "2013.11.20"]
[SourceVersion "1"]
[SourceVersionDate "2013.11.20"]
[SourceQuality "1"]
[WhiteTeam "Sangerhausen"]
[BlackTeam "Jena Jenapharm"]
[WhiteTeamCountry "GER"]
[BlackTeamCountry "GER"]

1. d4 Nf6 2. Bg5 d5 3. Bxf6 exf6 4. e3 c6 5. Nd2 Bd6 6. g3 0-0 7. Bg2 Be6 8. Ne2 Nd7 9. 0-0 f5 10. Rc1 Nf6 11. c4 Qe7 12. cxd5 Nxd5 13. Nc4 Bc7 14. a3 Rad8 15. Qc2 g6 16. b3 Rfe8 17. Nc3 Nf6 18. Qb2 h5 19. Ne2 h4 20. b4 hxg3 21. hxg3 Ng4 22. Nf4 Bd5 23. Nxd5 cxd5 24. Ne5 Nxe5 25. dxe5 Bxe5 26. Qb3 d4 27. Rcd1 Qc7 28. exd4 Bxd4 29. Qf3 Re7 30. Rd3 Bb6 31. Rxd8+ Qxd8 32. Rd1 Qc7 33. Qd3 f4 34. g4 Qc8 35. Bf3 Qe8 36. Kg2 Kg7 37. Qc3+ f6 38. Rd6 Qf8 39. g5 Rf7 40. Rxf6 Rxf6 41. Qxf6+ 1/2-1/2

[Event "Oberliga Ost-B 1213"]
[Site "Germany"]
[Date "2012.11.10"]
[Round "2.2"]
[White "Dorst, Johannes"]
[Black "Darr, Sascha"]
[Result "0-1"]
[WhiteElo "2195"]
[BlackElo "2236"]
[PlyCount "112"]
[EventDate "2012.09.30"]
[EventType "team-tourn"]
[EventRounds "11"]
[EventCountry "GER"]
[SourceTitle "EXT 2014"]
[Source "ChessBase"]
[SourceDate "2013.11.20"]
[SourceVersion "1"]
[SourceVersionDate "2013.11.20"]
[SourceQuality "1"]
[WhiteTeam "Marburg"]
[BlackTeam "Jena Jenapharm"]
[WhiteTeamCountry "GER"]
[BlackTeamCountry "GER"]

1. e4 e5 2. Nf3 Nc6 3. Bb5 a6 4. Bxc6 dxc6 5. 0-0 Qd6 6. Na3 Be6 7. Qe2 f6 8. Nc4 Qd7 9. Rd1 c5 10. c3 0-0-0 11. d4 cxd4 12. cxd4 exd4 13. Rxd4 Qf7 14. Rxd8+ Kxd8 15. Na5 Kc8 16. Nd4 Bb4 17. Nac6 Bc5 18. b4 Bb6 19. Nxe6 Qxe6 20. Na5 Ne7 21. Nb3 Nc6 22. Nc5 Bxc5 23. bxc5 Re8 24. f3 Qe5 25. Rb1 Qxc5+ 26. Be3 Qc3 27. Rc1 Qa3 28. Rc5 Rd8 29. Bf2 Qb4 30. Rd5 Qb1+ 31. Be1 Nd4 32. Rxd8+ Kxd8 33. Qd2 Kc8 34. Qb4 Qxb4 35. Bxb4 Ne6 36. Kf2 c5 37. Ba3 b5 38. Ke3 Kc7 39. f4 Kc6 40. Bb2 b4 41. f5 Nc7 42. g4 c4 43. Kd4 c3 44. Bc1 Nb5+ 45. Kc4 a5 46. g5 Nd6+ 47. Kd3 Nf7 48. h4 Ne5+ 49. Kc2 Kc5 50. h5 fxg5 51. Bxg5 Kd4 52. Bd8 a4 53. h6 gxh6 54. f6 Kc4 55. Kb1 b3 56. Ba5 c2+ 0-1

[Event "Oberliga Ost-A 0809"]
[Site "Germany"]
[Date "2009.01.31"]
[Round "6.3"]
[White "Darr, Sascha"]
[Black "Offinger, Robert"]
[Result "0-1"]
[WhiteElo "2301"]
[BlackElo "2256"]
[PlyCount "70"]
[EventDate "2008.10.12"]
[EventType "team-tourn"]
[EventRounds "11"]
[EventCountry "GER"]
[SourceTitle "EXT 2010"]
[Source "ChessBase"]
[SourceDate "2010.11.25"]
[SourceVersion "1"]
[SourceVersionDate "2010.11.25"]
[SourceQuality "1"]
[WhiteTeam "Jena Jenapharm"]
[BlackTeam "Magdeburg Aufbau Elbe"]
[WhiteTeamCountry "GER"]
[BlackTeamCountry "GER"]

1. Nf3 d5 2. g3 Nf6 3. Bg2 c6 4. 0-0 Bg4 5. d3 Nbd7 6. h3 Bh5 7. g4 Bg6 8. Bf4 h6 9. Nbd2 e6 10. c4 Qb6 11. Qb3 Be7 12. Ne5 Nxe5 13. Bxe5 0-0 14. Qc3 Nd7 15. Bd4 c5 16. Bxg7 d4 17. Bxd4 cxd4 18. Qc1 Rab8 19. Rb1 a5 20. a3 Kh7 21. b4 axb4 22. axb4 Bxb4 23. Nf3 Qd6 24. h4 f6 25. h5 Bf7 26. Nh4 b5 27. Be4+ Kg7 28. f4 bxc4 29. g5 fxg5 30. fxg5 Qg3+ 31. Ng2 Bd6 32. gxh6+ Kh8 33. Rf3 Rxb1 34. Qxb1 Qh2+ 35. Kf2 Ne5 0-1

[Event "Oberliga Ost-A 0809"]
[Site "Germany"]
[Date "2008.11.29"]
[Round "2.3"]
[White "Darr, Sascha"]
[Black "Hoffmann, Hendrik"]
[Result "1-0"]
[WhiteElo "2301"]
[BlackElo "2211"]
[PlyCount "83"]
[EventDate "2008.10.12"]
[EventType "team-tourn"]
[EventRounds "11"]
[EventCountry "GER"]
[SourceTitle "EXT 2010"]
[Source "ChessBase"]
[SourceDate "2010.11.25"]
[SourceVersion "1"]
[SourceVersionDate "2010.11.25"]
[SourceQuality "1"]
[WhiteTeam "Jena Jenapharm"]
[BlackTeam "Leipzig Gohlis"]
[WhiteTeamCountry "GER"]
[BlackTeamCountry "GER"]

1. d4 d6 2. e4 Nf6 3. Nc3 g6 4. f3 c6 5. Be3 Nbd7 6. Qd2 b5 7. g4 Nb6 8. h4 h5 9. g5 Nfd7 10. f4 Bg7 11. 0-0-0 0-0 12. f5 b4 13. Nb1 c5 14. dxc5 Na4 15. f6 exf6 16. Qxb4 Naxc5 17. Rxd6 a5 18. Qxc5 Nxc5 19. Rxd8 Rxd8 20. Bxc5 Bb7 21. Bg2 f5 22. Ne2 Rac8 23. Bb6 Rd6 24. Bxa5 Ra6 25. Bc3 Rxa2 26. Bxg7 Kxg7 27. Nec3 Ra5 28. Rd1 Rac5 29. Rd4 Rc4 30. Rxc4 Rxc4 31. Kd2 fxe4 32. Ke3 Rb4 33. b3 f5 34. gxf6+ Kxf6 35. Bxe4 g5 36. Bxb7 Rxb7 37. Ne4+ Kg6 38. Nxg5 Kf5 39. Nd2 Kg4 40. Ngf3 Re7+ 41. Kd4 Kf4 42. c4 1-0

[Event "Oberliga Ost-A 0708"]
[Site "Germany"]
[Date "2007.12.09"]
[Round "5.2"]
[White "Darr, Sascha"]
[Black "Hoepfl, Thomas"]
[Result "1-0"]
[WhiteElo "2218"]
[BlackElo "2355"]
[PlyCount "73"]
[EventDate "2007.09.23"]
[EventType "team-tourn"]
[EventRounds "11"]
[EventCountry "GER"]
[SourceTitle "EXT 2009"]
[Source "ChessBase"]
[SourceDate "2008.11.26"]
[SourceVersion "1"]
[SourceVersionDate "2008.11.26"]
[SourceQuality "1"]
[WhiteTeam "Jena Jenapharm"]
[BlackTeam "Halle USV"]
[WhiteTeamCountry "GER"]
[BlackTeamCountry "GER"]

1. d4 Nf6 2. Nf3 e6 3. e3 c5 4. Bd3 b6 5. c4 Be7 6. 0-0 0-0 7. Nc3 cxd4 8. exd4 Bb7 9. d5 exd5 10. cxd5 d6 11. Nd4 g6 12. Bh6 Re8 13. Bb5 Nbd7 14. Nc6 Bxc6 15. dxc6 Ne5 16. Bg5 Rf8 17. Bxf6 Bxf6 18. f4 a6 19. c7 Qxc7 20. fxe5 Bxe5 21. Be2 Qc5+ 22. Kh1 Qb4 23. Rf3 b5 24. Rb1 Rac8 25. g3 Rfe8 26. Bf1 Rc5 27. Bg2 Kg7 28. Rd3 Rcc8 29. Ne4 Qc4 30. Nxd6 Bxd6 31. Rxd6 Re2 32. Qf1 Qc2 33. Qf6+ Kh6 34. Rf1 Qxb2 35. Qf4+ Kg7 36. Qxf7+ Kh8 37. Rd7 1-0

[Event "Oberliga Ost-A 0708"]
[Site "Germany"]
[Date "2007.11.25"]
[Round "4.2"]
[White "Darr, Sascha"]
[Black "Womacka, Mathias"]
[Result "1-0"]
[WhiteElo "2218"]
[BlackElo "2467"]
[PlyCount "57"]
[EventDate "2007.09.23"]
[EventType "team-tourn"]
[EventRounds "11"]
[EventCountry "GER"]
[SourceTitle "EXT 2009"]
[Source "ChessBase"]
[SourceDate "2008.11.26"]
[SourceVersion "1"]
[SourceVersionDate "2008.11.26"]
[SourceQuality "1"]
[WhiteTeam "Jena Jenapharm"]
[BlackTeam "Chemnitz"]
[WhiteTeamCountry "GER"]
[BlackTeamCountry "GER"]

1. d4 Nf6 2. c4 e6 3. Nf3 Bb4+ 4. Bd2 c5 5. Bxb4 cxb4 6. Nbd2 0-0 7. e3 d6 8. Bd3 b6 9. 0-0 Bb7 10. Qe2 Qe7 11. Rfd1 Nbd7 12. Nf1 Rfc8 13. Ng3 g6 14. Rac1 Rc7 15. e4 Rac8 16. Qe3 Kg7 17. e5 dxe5 18. Nxe5 Nxe5 19. Qxe5 Rd8 20. Be2 Qd6 21. Nh5+ gxh5 22. Qg5+ Kf8 23. Qxf6 Be4 24. c5 Qd7 25. Bxh5 Bg6 26. Bg4 Kg8 27. d5 Rxc5 28. dxe6 Rxc1 29. exd7 1-0